Vplyv vymedzenia výdavkov na štruktúru matice spoločenského účtovníctva

Vplyv vymedzenia výdavkov. Rozlíšenie, či ide o výdavky celkové alebo o výdavky na domáce tovary a služby. Vymedzenie výdavkov ovplyvňuje štruktúru matice spoločenského účtovníctva (SAM). SAM vychádza z makroekonomických vzťahov. SAM otvorenej ekonomiky.

Uložené v:
Podrobná bibliografia
Hlavný autor: Macák, Michal
Médium: Kapitola
Jazyk:Slovak
Predmet:
Tagy: Pridať tag
Žiadne tagy, Buďte prvý, kto otaguje tento záznam!

MARC

LEADER 00000nla$a2200000$$$4500
001 0061581
005 20240502071707.3
041 0 |a slo 
044 |a SK 
245 1 0 |a Vplyv vymedzenia výdavkov na štruktúru matice spoločenského účtovníctva  |c Michal Macák 
520 |a Vplyv vymedzenia výdavkov. Rozlíšenie, či ide o výdavky celkové alebo o výdavky na domáce tovary a služby. Vymedzenie výdavkov ovplyvňuje štruktúru matice spoločenského účtovníctva (SAM). SAM vychádza z makroekonomických vzťahov. SAM otvorenej ekonomiky. 
610 2 0 |a účtovníctvo 
610 2 0 |a výdavky 
610 2 0 |a matice 
610 2 0 |a hospodárstvo otvorené 
610 2 0 |a účty 
100 1 |a Macák, Michal